<?xml version="1.0" encoding="UTF-8"?>
<collection xmlns="http://www.loc.gov/MARC21/slim">
 <record>
  <leader>01773nam a2200193Ia 4500</leader>
  <controlfield tag="001">CTU_141</controlfield>
  <controlfield tag="008">210402s9999    xx            000 0 und d</controlfield>
  <datafield tag="082" ind1=" " ind2=" ">
   <subfield code="a">895.9223008</subfield>
  </datafield>
  <datafield tag="082" ind1=" " ind2=" ">
   <subfield code="b">T527/T4</subfield>
  </datafield>
  <datafield tag="100" ind1=" " ind2=" ">
   <subfield code="a">Tuyển tập truyện ngắn Việt Nam chọn lọc</subfield>
  </datafield>
  <datafield tag="245" ind1=" " ind2="0">
   <subfield code="a">Tuyển tập truyện ngắn Việt Nam chọn lọc</subfield>
  </datafield>
  <datafield tag="245" ind1=" " ind2="0">
   <subfield code="b">Trọn bộ 8 tập</subfield>
  </datafield>
  <datafield tag="245" ind1=" " ind2="0">
   <subfield code="c">Tuyển tập truyện ngắn Việt Nam chọn lọc, Lữ Huy Nguyên</subfield>
  </datafield>
  <datafield tag="260" ind1=" " ind2=" ">
   <subfield code="a">Hà Nội</subfield>
  </datafield>
  <datafield tag="260" ind1=" " ind2=" ">
   <subfield code="b">Văn học</subfield>
  </datafield>
  <datafield tag="260" ind1=" " ind2=" ">
   <subfield code="c">1996</subfield>
  </datafield>
  <datafield tag="520" ind1=" " ind2=" ">
   <subfield code="a">Kim Lân: Làng; Trúc Liên: Một cuộc tàn sát; Bình Nguyên Lộc: Rừng mắm; Minh Lộc: Con đường sáng; Thế Lữ: Tay đại bợm; Sơn Nam: Tình nghĩa giáo khoa thư; Vũ Tú Nam: Con sáo gỗ; Nguyên Ngọc: Rẻo cao; Nguyễn Văn Ngữ: con thú tật nguyền; Anh Phương: Sắc lụa Trữ La; Hồ Phương: Thư nhà; Dương Thị Xuân Quí: Hoa rừng; Nguyễn Quang Sáng: Chiếc lược ngà; Vũ Sắc: Tổ cấp dưàng; Huỳnh Ngọc Sơn: Đứa con của loài bò sát; Nguyễn Ngọc Tấn( Nguyễn Thi ): Trăng sáng, Đôi bạn; Đỗ Quang Tiến: Lão sâu; Chu Thảo: Cháo thịt; Nguyễn Đình Thi: Mùa mưa; Xuân Thiều: Gieo mầm; Vũ Thị Thường: Con yêu con ghét; Ngô Tất Tố: Buổi chợ trung du; Nguyễn Tuân: Lại ngược; Nguyễn Huy Tưởng: Một phút yếu đuối; Trần Kim Trắc: Cái lu</subfield>
  </datafield>
  <datafield tag="650" ind1=" " ind2=" ">
   <subfield code="a">short stories, vietnamese,vietnamese literature - 20th century - collections</subfield>
  </datafield>
  <datafield tag="980" ind1=" " ind2=" ">
   <subfield code="a">Trung tâm Học liệu Trường Đại học Cần Thơ</subfield>
  </datafield>
 </record>
</collection>
